Statistics for Category Elimination - U.S. States #3

Click here to take the quiz!

General Stats

  • This quiz has been taken 18,267 times
  • The average score is 13 of 16

Answer Stats

Group#Category% Correct
Green25States which voted blue in the 2020 election
99%
Green16... which don't border another country
97%
Orange10States which are two words
95%
Blue35States which don't border a country
94%
Orange6... which are not "New"
93%
Blue17... which contain the letter O
93%
Orange3... which are in the South Census Region
90%
Green5... with fewer than 4 million people
85%
Blue5... which were part of the confederates
85%
Purple27States whose flag contains their name
84%
Orange1... and have more than 8 million peopleNorth
Carolina
80%
Purple15... with a maximum elevation over 1,500m
79%
Blue1... and averages more than 40 tornadoes a yearFlorida
58%
Purple5... which were part of the Louisiana Purchase
55%
Purple1... and that borders another countryMontana
44%
Green1... and is also landlockedNevada
41%

Score Distribution

Percentile by Number Answered

Percent of People with Each Score

Your Score History

You have not taken this quiz